The stochastic frontier production function and average efficiency (Registro nro. 26243)
[ vista simple ]
| 000 -LEADER | |
|---|---|
| fixed length control field | 00385 a2200121 4500 |
| 001 - CONTROL NUMBER | |
| control field | ART_12295 |
| 005 - DATE AND TIME OF LATEST TRANSACTION | |
| control field | 20260410161905.0 |
| 008 - FIXED-LENGTH DATA ELEMENTS--GENERAL INFORMATION | |
| fixed length control field | 260409a |
| 100 1# - MAIN ENTRY--PERSONAL NAME | |
| Personal name | Lee, Lung-Fei |
| 245 10 - TITLE STATEMENT | |
| Title | The stochastic frontier production function and average efficiency |
| 700 1# - ADDED ENTRY--PERSONAL NAME | |
| Personal name | Tyler, William G. |
| 773 0# - HOST ITEM ENTRY | |
| Title | Journal of econometrics |
| Related parts | - Vol. 7, Nº 3 (jun. 1978) |
| Record control number | REV11720 |
No hay ítems disponibles.